banner koha

Ação programada em ciência e tecnologia: (Registro n. 33477)

MARC details
000 -LÍDER
Campo de controle fixo 00923nam a22003137a 4500
001 - NÚMERO DE CONTROLE
Número de controle BR8203530
003 - CÓDIGO MARC DA AGÊNCIA CATALOGADORA
Campo de controle BR-BrBNA
005 - DATA E HORA DA ÚLTIMA ATUALIZAÇÃO
Campo de controle 20241023105938.0
008 - CAMPO DE TAMANHO FIXO
Campo fixo de controle 230509b bl.||||| |||| 00| 0 por d
040 ## - FONTE DA CATALOGAÇÃO
Agência catalogadora BR-BrBNA
Idioma da catalogação por
041 ## - CÓDIGO DO IDIOMA
Código do Idioma (Por)
072 ## - CATEGORIA AGRIS
Código da categoria de assunto/objeto <a href="A50; E30; F00">A50; E30; F00</a>
090 ## - NÚMERO DE CHAMADA
Localização na estante A50
Código BR BR8203237
110 1# - ENTRADA PRINCIPAL - ENTIDADE
Nome da entidade ou lugar Conselho Nacional de Desenvolvimento Cientifico e Tecnológico, Brasília, DF (Brasil)
245 1# - TÍTULO PRINCIPAL
Título principal Ação programada em ciência e tecnologia:
Subtítulo recursos naturais pesqueiros /
260 3# - IMPRENTA (PUBLICAÇÃO, DISTRIBUIÇÃO, ETC.)
Lugar de publicação, distribuição, etc. Brasilia, DF (Brasil):
Data de publicação, distribuição, etc 1982.
300 ## - DESCRIÇÃO FÍSICA
Extensão 77 p.
500 ## - NOTA GERAL
Notas gerais 10 tables
650 ## - ASSUNTO - THESAGRO
Cabeçalho tópico ou nome geográfico PESQUISA AGRICOLA
650 ## - ASSUNTO - THESAGRO
Cabeçalho tópico ou nome geográfico PRODUCAO VEGETAL
650 ## - ASSUNTO - THESAGRO
Cabeçalho tópico ou nome geográfico PROGRAMA DE PESQUISA
650 ## - ASSUNTO - THESAGRO
Cabeçalho tópico ou nome geográfico DIRETRIZ
650 ## - ASSUNTO - THESAGRO
Cabeçalho tópico ou nome geográfico DESENVOLVIMENTO AGRICOLA
650 ## - ASSUNTO - THESAGRO
Cabeçalho tópico ou nome geográfico TECNOLOGIA AGRICOLA
650 ## - ASSUNTO - THESAGRO
Cabeçalho tópico ou nome geográfico RECURSO HUMANO
909 ## - IDENTIFICAÇÃO DO CATALOGADOR
Ano e mês da catalogação (aaaamm) 10/2024
Identificação do catalogador SARAH
942 ## - TIPO ESPECÍFICO
Tipo de material Livros
952 ## - LOCATION AND ITEM INFORMATION (KOHA)
-- 2023-09-25
-- 2023-09-25
-- Portaria Interministerial nº 164/94
Exemplares
Status de empréstimo Fonte de classificação Status de danificação Não pode ser emprestado Código da coleção Localização permanente Localização atual Localização na estante Total Checkouts Número de chamada Código de barras Número de exemplar Tipo de material Perdido
  Classificação AGRIS     Agrobase Biblioteca Nacional de Agricultura - Binagri Biblioteca Nacional de Agricultura - Binagri Agrobase - Acervo Geral   A50 BR8203530 2024-6425 01 Livros  

BINAGRI

Telefone: (61)3218-2567/2388/3357/2097 - binagri@agro.gov.br

Ministério da Agricultura e Pecuária , Esplanada dos Ministérios, Bloco D, Anexo B, Brasília/DF, CEP: 70.043-900